[Event "Pardubice Open A"]
[Site "?"]
[Date "2015.07.26"]
[Round "3.43"]
[White "SOYSAL, Serkan"]
[Black "STELLA, Andrea"]
[Result "1/2-1/2"]
[WhiteElo "2293"]
[BlackElo "2427"]
[PlyCount "89"]
[EventDate "2015.??.??"]
[WhiteClock "0:14:14"]
[BlackClock "0:19:44"]

1. d4 Nf6 2. Nf3 g6 3. g3 Bg7 4. Bg2 d5 5. O-O O-O 6. c4 dxc4 7. Na3 c3 8. bxc3
c5 9. e3 Nc6 10. Qe2 Bf5 11. Bb2 Qb6 12. Rfd1 Rfd8 13. Nc4 Qa6 14. Bf1 Na5 15.
Nfe5 Nxc4 16. Nxc4 Rac8 17. Na3 Qxe2 18. Bxe2 cxd4 19. cxd4 Nd5 20. Bf3 Nb4 21.
Bxb7 Rb8 22. Bf3 Nc2 23. Nxc2 Bxc2 24. Rd2 Rxb2 25. Rc1 Rc8 26. Be4 Rb1 27.
Rdd1 Rb2 28. Rd2 Rb1 29. Rdd1 e6 30. Rxb1 Bxe4 31. Rbc1 Rxc1 32. Rxc1 Bf8 33.
Rc7 a5 34. Ra7 Bb4 35. a3 Bd2 36. Kf1 Bd3+ 37. Kg2 Bc2 38. Rc7 Bb3 39. Kf3 a4
40. Rc5 Bd1+ 41. Ke4 Bg4 42. Rc4 Bd1 43. Rc5 Bg4 44. Rc4 Bd1 45. Rc5 1/2-1/2

[Event "Pardubice Open A"]
[Site "?"]
[Date "2015.07.26"]
[Round "3.44"]
[White "RIETZE, Clemens"]
[Black "ZUMSANDE, Martin"]
[Result "0-1"]
[WhiteElo "2289"]
[BlackElo "2423"]
[PlyCount "58"]
[EventDate "2015.??.??"]
[WhiteClock "0:01:59"]
[BlackClock "0:07:48"]

1. Nf3 e6 2. g3 d5 3. d4 Nf6 4. Bg2 b5 5. c3 Bb7 6. Qb3 a6 7. a4 c5 8. Bg5 c4
9. Qc2 Nbd7 10. Nbd2 Be7 11. O-O O-O 12. axb5 axb5 13. b3 h6 14. Bxf6 Nxf6 15.
bxc4 dxc4 16. Rab1 Ra5 17. e4 Qa8 18. Rfe1 Nd7 19. Rb2 Rc8 20. Bf1 Qa6 21. Reb1
Ba8 22. Be2 Nb6 23. Re1 Bd6 24. Nf1 Ra3 25. Rbb1 Qa5 26. d5 Bc5 27. Qb2 Na4 28.
Qxb5 Qxb5 29. Rxb5 Nxc3 0-1

[Event "Pardubice Open A"]
[Site "?"]
[Date "2015.07.26"]
[Round "3.45"]
[White "KOBO, Ori"]
[Black "MAMMADZADA, Gunay"]
[Result "1/2-1/2"]
[WhiteElo "2422"]
[BlackElo "2320"]
[PlyCount "97"]
[EventDate "2015.??.??"]
[WhiteClock "0:27:08"]
[BlackClock "0:38:02"]

1. e4 c5 2. Nf3 d6 3. d4 cxd4 4. Nxd4 Nf6 5. Nc3 a6 6. Bg5 Nbd7 7. Bc4 Qb6 8.
O-O Qxb2 9. Nd5 Nxd5 10. Bxd5 Qc3 11. Rb1 Qc7 12. Re1 e6 13. f4 Nf6 14. Bxf6
gxf6 15. f5 e5 16. Ne2 h5 17. Ng3 h4 18. Nh5 Ke7 19. Qg4 Bh6 20. Qxh4 Bg5 21.
Qg4 Qc5+ 22. Kh1 Qf2 23. Re2 Qh4 24. Qxh4 Bxh4 25. g4 Rg8 26. h3 Bd7 27. Rxb7
Rgb8 28. Rxd7+ Kxd7 29. Bxa8 Rxa8 30. Kg2 Rc8 31. Ng3 Rc3 32. Nf1 Bg5 33. Nh2
Ra3 34. c4 Rc3 35. Nf3 Bf4 36. h4 Rxc4 37. g5 fxg5 38. Nxg5 d5 39. exd5 Bxg5
40. hxg5 Rg4+ 41. Kf3 Rf4+ 42. Ke3 Rxf5 43. Ke4 Rxg5 44. Rb2 f6 45. Rb7+ Kd6
46. Rb6+ Ke7 47. Rb7+ Kd6 48. Rb6+ Ke7 49. Rb7+ 1/2-1/2

[Event "Pardubice Open A"]
[Site "?"]
[Date "2015.07.26"]
[Round "3.46"]
[White "GARCIA ROMAN, Daniel"]
[Black "HANSEN, Mads"]
[Result "0-1"]
[WhiteElo "2420"]
[BlackElo "2296"]
[PlyCount "90"]
[EventDate "2015.??.??"]
[WhiteClock "0:09:14"]
[BlackClock "0:14:38"]

1. c4 c6 2. d4 d5 3. e3 Nf6 4. Bd3 e5 5. dxe5 dxc4 6. Be2 Qxd1+ 7. Bxd1 Ng4 8.
f4 Bc5 9. Ke2 Bf5 10. Nc3 Bd3+ 11. Kf3 h5 12. h3 g5 13. Nge2 gxf4 14. exf4 Nd7
15. g3 Nf2 16. Rf1 Nxd1 17. Rxd1 O-O-O 18. Be3 Bxe3 19. Kxe3 f6 20. exf6 Nxf6
21. Ng1 Rhg8 22. Kf2 b5 23. a3 a5 24. Nf3 b4 25. axb4 axb4 26. Ra8+ Kc7 27.
Rxd8 Rxd8 28. Na2 c5 29. Ne5 Ra8 30. Nc1 Bc2 31. Re1 Ne4+ 32. Kf3 c3 33. bxc3
Nxc3 34. Ned3 Kd6 35. Re5 Bxd3 36. Nxd3 Rc8 37. Rxh5 b3 38. Nb2 c4 39. Ke3 Na2
40. Rb5 Kc6 41. Ra5 c3 42. Ra6+ Kb7 43. Ra3 Nc1 44. Nd3 b2 45. Ra4 Nxd3 0-1

[Event "Pardubice Open A"]
[Site "?"]
[Date "2015.07.26"]
[Round "3.47"]
[White "BEKHOVSKIY, Mikhail"]
[Black "SELIVERSTOV, Vladimir"]
[Result "0-1"]
[WhiteElo "2286"]
[BlackElo "2420"]
[PlyCount "58"]
[EventDate "2015.??.??"]
[WhiteClock "0:14:27"]
[BlackClock "0:35:39"]

1. e4 g6 2. d4 Bg7 3. Nc3 d6 4. Nf3 a6 5. Be2 b5 6. a3 Bb7 7. O-O Nd7 8. Be3
Rc8 9. d5 c5 10. dxc6 Bxc6 11. Nd4 Bb7 12. f3 Ngf6 13. a4 b4 14. Na2 a5 15. c3
bxc3 16. Nxc3 O-O 17. Qb3 Nc5 18. Qa3 Nfd7 19. b4 axb4 20. Qxb4 Ba6 21. Ncb5 d5
22. Rac1 e5 23. Nc6 Rxc6 24. exd5 Rc8 25. Bxc5 Nxc5 26. Kh1 Qxd5 27. Bc4 Nd3
28. Bxd5 Nxb4 29. Bc4 Bh6 0-1

[Event "Pardubice Open A"]
[Site "?"]
[Date "2015.07.26"]
[Round "3.48"]
[White "STRUGNELL, Carl"]
[Black "ROEDER, Matthias"]
[Result "1/2-1/2"]
[WhiteElo "2275"]
[BlackElo "2411"]
[PlyCount "144"]
[EventDate "2015.??.??"]
[WhiteClock "0:03:34"]
[BlackClock "0:27:16"]

1. e4 c5 2. Nf3 d6 3. d4 cxd4 4. Nxd4 Nf6 5. Nc3 a6 6. Be3 e5 7. Nf3 Qc7 8. a4
Be7 9. a5 O-O 10. Be2 Nbd7 11. O-O Nc5 12. Nd2 Be6 13. Bf3 Rac8 14. Qe2 h6 15.
Rfd1 Ncd7 16. h3 Rfe8 17. Qe1 Qc6 18. Nf1 Bf8 19. Bc1 Ra8 20. Ne3 Kh8 21. Ncd5
Bxd5 22. exd5 Qc7 23. b4 g6 24. c4 e4 25. Be2 Bg7 26. Ra2 Rac8 27. Rc2 Qd8 28.
Ba3 Bf8 29. Qc3 Kh7 30. Qd4 Bg7 31. Qd2 Ne5 32. c5 dxc5 33. bxc5 Nd3 34. Bxd3
exd3 35. Qxd3 Qxa5 36. Nc4 Re1+ 37. Kh2 Rxd1 38. Qxd1 Qd8 39. Nb6 Rc7 40. d6
Re7 41. Re2 Re4 42. Qe1 Qe8 43. Rxe4 Nxe4 44. d7 Qb8+ 45. g3 f5 46. c6 Bf6 47.
Nd5 Bd8 48. Qb4 Qa7 49. Ne3 bxc6 50. Qf8 Qxd7 51. Bb2 g5 52. Nxf5 Kg6 53. g4
Nf6 54. Qxh6+ Kf7 55. Qg7+ Ke6 56. Nd4+ Kd6 57. Qxg5 Kc7 58. Nb3 Nd5 59. Be5+
Kc8 60. Qg8 Qe7 61. f4 Qb4 62. Qe6+ Kb7 63. Qd7+ Bc7 64. Bxc7 Nxc7 65. Nd4 c5
66. Qc6+ Kc8 67. Nf5 Qxf4+ 68. Kg2 Qd2+ 69. Kg3 Qe1+ 70. Kf4 Qd2+ 71. Kg3 Qe1+
72. Kf4 Qd2+ 1/2-1/2

[Event "Pardubice Open A"]
[Site "?"]
[Date "2015.07.26"]
[Round "3.49"]
[White "MANIK, Mikulas"]
[Black "SHILOV, Sergej"]
[Result "1-0"]
[WhiteElo "2408"]
[BlackElo "2201"]
[PlyCount "83"]
[EventDate "2015.??.??"]
[WhiteClock "0:24:47"]
[BlackClock "0:23:41"]

1. e4 c5 2. Nf3 Nc6 3. Bb5 g6 4. O-O Bg7 5. c3 e5 6. Bxc6 dxc6 7. d3 Ne7 8. Na3
O-O 9. Nc4 Qc7 10. a4 b6 11. b4 cxb4 12. cxb4 Be6 13. Qc2 Bg4 14. Ncd2 Rad8 15.
h3 Be6 16. Nc4 f6 17. Bb2 Qd7 18. d4 b5 19. Ne3 Bxh3 20. gxh3 Qxh3 21. Qe2 exd4
22. Bxd4 g5 23. Rfd1 Ng6 24. Ng2 Rfe8 25. Be3 g4 26. Nh2 f5 27. Rxd8 Rxd8 28.
Rd1 Re8 29. exf5 Qxg2+ 30. Kxg2 Nf4+ 31. Kf1 Nxe2 32. Kxe2 g3 33. fxg3 bxa4 34.
Ng4 Bb2 35. Rd7 h5 36. Nh6+ Kh8 37. Nf7+ Kg8 38. Nd6 Rf8 39. Rxa7 a3 40. Bc5
Rd8 41. Kf3 Rb8 42. Ne4 1-0

[Event "Pardubice Open A"]
[Site "?"]
[Date "2015.07.26"]
[Round "3.50"]
[White "SMAGIN, Nikita"]
[Black "LOKANDER, Martin"]
[Result "1/2-1/2"]
[WhiteElo "2104"]
[BlackElo "2403"]
[PlyCount "80"]
[EventDate "2015.??.??"]
[WhiteClock "0:07:12"]
[BlackClock "0:49:19"]

1. d4 e6 2. c4 c5 3. Nf3 Nf6 4. g3 d5 5. cxd5 Nxd5 6. Bg2 Nc6 7. O-O Be7 8.
dxc5 Bxc5 9. a3 O-O 10. e4 Nde7 11. b4 Bd6 12. Bb2 Ng6 13. Nc3 Nge5 14. Nb5
Nxf3+ 15. Qxf3 Be5 16. Bxe5 Nxe5 17. Qc3 Nc6 18. Rfd1 Qb6 19. Qc5 Qxc5 20. bxc5
e5 21. Rab1 Rb8 22. Nc7 Bg4 23. Rd6 Rfc8 24. Nd5 Kf8 25. f4 Nd4 26. Ne3 Bf3 27.
Bxf3 Nxf3+ 28. Kf2 Nd4 29. fxe5 Ne6 30. c6 bxc6 31. Rxb8 Rxb8 32. Rxc6 Rb2+ 33.
Rc2 Rb3 34. Nf5 Ke8 35. Nd6+ Ke7 36. Nc8+ Kd7 37. Nxa7 Rxa3 38. Rd2+ Ke8 39.
Nb5 Rb3 40. Nd6+ Ke7 1/2-1/2

[Event "Pardubice Open A"]
[Site "?"]
[Date "2015.07.26"]
[Round "3.51"]
[White "KYAS, Philipp"]
[Black "MALEK, Daniel"]
[Result "0-1"]
[WhiteElo "2049"]
[BlackElo "2398"]
[PlyCount "134"]
[EventDate "2015.??.??"]
[WhiteClock "0:00:33"]
[BlackClock "0:15:03"]

1. d4 Nf6 2. c4 e6 3. Nc3 Bb4 4. e3 O-O 5. Bd3 d5 6. Nf3 c5 7. O-O cxd4 8. exd4
dxc4 9. Bxc4 b6 10. Ne5 Bb7 11. Bg5 Nbd7 12. Qb3 Bxc3 13. bxc3 Qc7 14. Nxd7
Nxd7 15. Rad1 Rac8 16. Bb5 Nb8 17. Rfe1 Bd5 18. Qa4 Qb7 19. Re3 Bxg2 20. Rg3
Be4 21. d5 exd5 22. Qd4 Bg6 23. h4 Rc5 24. Be2 Nc6 25. Qd2 f6 26. Be3 Ra5 27.
Kh2 Ne7 28. h5 Be4 29. f3 Bf5 30. Bh6 Rf7 31. c4 Qc7 32. Qe3 Kf8 33. Bf4 Qc6
34. Qb3 Be6 35. Qb2 Nf5 36. cxd5 Rxd5 37. Rc1 Rc5 38. Rgg1 Rd7 39. h6 Kf7 40.
hxg7 Nxg7 41. Rce1 Rc2 42. Qa3 Qc4 43. Qe3 Nf5 44. Qe4 Qxe4 45. fxe4 Nd4 46.
Rg2 Nxe2 47. Rexe2 Rxe2 48. Rxe2 Rd4 49. Bb8 Ra4 50. Rc2 Rxa2 51. Rxa2 Bxa2 52.
Bxa7 b5 53. Kg3 Ke6 54. Kf4 b4 55. Bc5 b3 56. Bd4 Bb1 57. Bb2 f5 58. e5 Be4 59.
Ba1 Bc6 60. Bb2 Bd7 61. Ke3 Kd5 62. Ba1 Kc4 63. Bb2 h5 64. Kf4 h4 65. Ke3 h3
66. Kf3 f4 67. Kf2 Kd3 0-1

[Event "Pardubice Open A"]
[Site "?"]
[Date "2015.07.26"]
[Round "3.52"]
[White "BEN ARTZI, Ido"]
[Black "XYLOGIANNOPOULOS, Antonios"]
[Result "1-0"]
[WhiteElo "2397"]
[BlackElo "2153"]
[PlyCount "61"]
[EventDate "2015.??.??"]
[WhiteClock "0:19:17"]
[BlackClock "0:19:05"]

1. d4 d5 2. c4 c6 3. cxd5 cxd5 4. Bf4 Nc6 5. e3 Nf6 6. Nc3 Bf5 7. Qb3 Na5 8.
Qa4+ Bd7 9. Qc2 e6 10. Bd3 Bb4 11. Nf3 Nh5 12. Bg5 f6 13. Bh4 g5 14. g4 gxh4
15. gxh5 f5 16. Rg1 Qf6 17. a3 Bxc3+ 18. Qxc3 Nc6 19. Bb5 Rc8 20. Ne5 a6 21.
Bxc6 Bxc6 22. f4 Kd8 23. Rc1 Rc7 24. Qc5 Qf8 25. Qb6 Rg8 26. Nxc6+ bxc6 27.
Rxg8 Qxg8 28. Rxc6 Qg1+ 29. Ke2 Qg2+ 30. Kd3 Qf1+ 31. Kc2 1-0

[Event "Pardubice Open A"]
[Site "?"]
[Date "2015.07.26"]
[Round "3.53"]
[White "JASNY, Stanislav"]
[Black "PANAGIOTAKOS, Nikolaos"]
[Result "1/2-1/2"]
[WhiteElo "2395"]
[BlackElo "2121"]
[PlyCount "102"]
[EventDate "2015.??.??"]
[WhiteClock "0:09:17"]
[BlackClock "0:32:46"]

1. Nf3 c5 2. c4 Nc6 3. Nc3 g6 4. e3 Bg7 5. d4 cxd4 6. exd4 d6 7. d5 Ne5 8. Nxe5
Bxe5 9. Be2 Qb6 10. O-O Nf6 11. Nb5 Bd7 12. Be3 Qd8 13. Nd4 Ne4 14. f3 Nc5 15.
b4 Na4 16. Rc1 Rc8 17. Qd2 Bg7 18. Nb3 b6 19. Bd4 O-O 20. Bxg7 Kxg7 21. Rfd1
Re8 22. Nd4 a6 23. Kh1 Rc7 24. f4 Qc8 25. Rf1 f5 26. Rfe1 e6 27. dxe6 Bxe6 28.
Nxe6+ Rxe6 29. Qd4+ Kf7 30. Qd5 Rce7 31. Bd1 Nb2 32. Bb3 Kf8 33. Rxe6 Qxe6 34.
Qxe6 Rxe6 35. c5 Re8 36. cxb6 Nd3 37. Rf1 Rb8 38. a3 Rxb6 39. Bc4 Nb2 40. Be2
d5 41. Rb1 Nc4 42. Bxc4 dxc4 43. Rc1 Rd6 44. g3 Rd3 45. a4 Ra3 46. Rxc4 Rxa4
47. Kg2 Ra2+ 48. Kh3 Kg7 49. Rc7+ Kh6 50. Ra7 Rb2 51. Rxa6 Rxb4 1/2-1/2

[Event "Pardubice Open A"]
[Site "?"]
[Date "2015.07.26"]
[Round "3.54"]
[White "FUCHS, Florian"]
[Black "BABULA, Vlastimil"]
[Result "0-1"]
[WhiteElo "2250"]
[BlackElo "2559"]
[PlyCount "68"]
[EventDate "2015.??.??"]
[WhiteClock "0:02:04"]
[BlackClock "0:05:04"]

1. e4 c5 2. Nf3 d6 3. d4 cxd4 4. Nxd4 Nf6 5. Nc3 a6 6. Be3 e6 7. Bd3 Nbd7 8. f4
b5 9. Qf3 Bb7 10. g4 Nc5 11. a3 Nfd7 12. g5 Rc8 13. Qh3 g6 14. Rf1 Nxd3+ 15.
cxd3 Nc5 16. Ke2 Bg7 17. f5 exf5 18. exf5 Qd7 19. Qh4 Be5 20. Rac1 O-O 21. Qh6
Bg7 22. Qh4 Rfe8 23. f6 Bf8 24. Kd2 a5 25. b4 axb4 26. axb4 Na6 27. Ndxb5 d5
28. Na7 Rxe3 29. Kxe3 Re8+ 30. Kd2 d4 31. Ncb5 Bxb4+ 32. Kc2 Qd5 33. Qf2 Qa2+
34. Kd1 Bf3+ 0-1

[Event "Pardubice Open A"]
[Site "?"]
[Date "2015.07.26"]
[Round "3.55"]
[White "CHERNYSHOV, Konstantin"]
[Black "SMID, Miroslav"]
[Result "1-0"]
[WhiteElo "2529"]
[BlackElo "2250"]
[PlyCount "83"]
[EventDate "2015.??.??"]
[WhiteClock "0:11:10"]
[BlackClock "0:00:46"]

1. d4 d5 2. Bf4 e6 3. Nf3 Nf6 4. e3 Be7 5. c4 O-O 6. Nc3 c6 7. Bd3 Nbd7 8. O-O
Nh5 9. Be5 Nxe5 10. Nxe5 g6 11. c5 Bf6 12. f4 Bg7 13. b4 a6 14. a3 Nf6 15. Ra2
Nd7 16. Nf3 Qe7 17. Qb3 Rd8 18. Raf2 Nf8 19. h3 Bd7 20. a4 Be8 21. a5 f5 22. g4
Nd7 23. Rg2 Kh8 24. Kh2 Bf7 25. Qd1 Bg8 26. Qe1 Rf8 27. Nd1 Rae8 28. Rfg1 Bf6
29. Bc2 Bg7 30. Nf2 Bf6 31. Nd3 Bg7 32. Qg3 Bf6 33. Nde5 Nxe5 34. dxe5 Bg7 35.
h4 Bh6 36. h5 gxh5 37. gxf5 exf5 38. Qh3 Bf7 39. Nd4 Bg6 40. Bxf5 Bxf5 41. Nxf5
Qe6 42. Nd6 1-0

[Event "Pardubice Open A"]
[Site "?"]
[Date "2015.07.26"]
[Round "3.56"]
[White "KULON, Klaudia"]
[Black "CERNOUSEK, Lukas"]
[Result "0-1"]
[WhiteElo "2240"]
[BlackElo "2455"]
[PlyCount "76"]
[EventDate "2015.??.??"]
[WhiteClock "0:18:27"]
[BlackClock "0:01:48"]

1. e4 c6 2. d4 d5 3. Nc3 dxe4 4. Nxe4 Bf5 5. Ng3 Bg6 6. h4 h6 7. Nh3 Nf6 8. Nf4
Bh7 9. Bc4 e6 10. Qe2 Bd6 11. Be3 Nbd7 12. O-O-O Qc7 13. Ngh5 O-O-O 14. Kb1 Nd5
15. Nd3 Nxe3 16. Qxe3 c5 17. Bb5 cxd4 18. Bxd7+ Rxd7 19. Qxd4 Kb8 20. Qxg7 Rc8
21. Rc1 Bg6 22. Nf6 Rdd8 23. Qxh6 Be5 24. Ng4 Bh8 25. Qe3 Rd4 26. Nge5 Re4 27.
Qc5 Bxe5 28. f3 Re2 29. Qxc7+ Rxc7 30. Nxe5 Rxe5 31. g4 Re2 32. f4 Rcxc2 33.
Rxc2 Bxc2+ 34. Kc1 Be4 35. Rh3 Rf2 36. f5 exf5 37. g5 f4 38. h5 f3 0-1

[Event "Pardubice Open A"]
[Site "?"]
[Date "2015.07.26"]
[Round "3.57"]
[White "SIMACEK, Pavel"]
[Black "HANSCH, Karsten"]
[Result "1/2-1/2"]
[WhiteElo "2454"]
[BlackElo "2239"]
[PlyCount "50"]
[EventDate "2015.??.??"]
[WhiteClock "0:52:08"]
[BlackClock "1:01:09"]

1. e4 c6 2. d4 d5 3. Nd2 dxe4 4. Nxe4 Bf5 5. Ng3 Bg6 6. h4 h6 7. Nf3 Nd7 8. h5
Bh7 9. Bd3 Bxd3 10. Qxd3 e6 11. Bf4 Qa5+ 12. Qd2 Qxd2+ 13. Nxd2 O-O-O 14. O-O-O
Ngf6 15. Nc4 Nd5 16. Nd6+ Bxd6 17. Bxd6 N7b6 18. Bc5 Na4 19. Bxa7 b6 20. c4 Nf6
21. c5 b5 22. Ne2 Rd7 23. Bb6 Nxb6 24. cxb6 Rhd8 25. f3 Kb7 1/2-1/2

[Event "Pardubice Open A"]
[Site "?"]
[Date "2015.07.26"]
[Round "3.58"]
[White "ZAKSAITE, Salomeja"]
[Black "DEAC, Bogdan-Daniel"]
[Result "0-1"]
[WhiteElo "2237"]
[BlackElo "2443"]
[PlyCount "60"]
[EventDate "2015.??.??"]
[WhiteClock "0:06:21"]
[BlackClock "0:09:57"]

1. e4 c5 2. Nf3 Nc6 3. d4 cxd4 4. Nxd4 e6 5. Nxc6 bxc6 6. Bd3 g6 7. Bd2 Bg7 8.
Bc3 Nf6 9. Bb4 Qb6 10. Ba3 Bf8 11. O-O d5 12. exd5 cxd5 13. c4 Bxa3 14. Qa4+
Kf8 15. Qxa3+ Kg7 16. cxd5 exd5 17. Nc3 Rb8 18. Rab1 Re8 19. b4 d4 20. Ne2 Bg4
21. Qb2 Bxe2 22. Bxe2 Nd5 23. a3 Nc3 24. Rbe1 Qe6 25. Bd3 Qxe1 26. Rxe1 Rxe1+
27. Bf1 Ne2+ 28. Qxe2 Rxe2 29. Bxe2 Rc8 30. f3 Rc3 0-1

[Event "Pardubice Open A"]
[Site "?"]
[Date "2015.07.26"]
[Round "3.59"]
[White "AKESSON, Ralf"]
[Black "MEJAK, Severin"]
[Result "1-0"]
[WhiteElo "2428"]
[BlackElo "2235"]
[PlyCount "77"]
[EventDate "2015.??.??"]
[WhiteClock "0:06:45"]
[BlackClock "0:00:40"]

1. d4 d5 2. c4 e6 3. Nc3 Be7 4. cxd5 exd5 5. Bf4 c6 6. e3 Bf5 7. g4 Be6 8. h4
Nd7 9. h5 h6 10. Bd3 Ngf6 11. f3 Qb6 12. Qd2 Nh7 13. Bg3 Ng5 14. O-O-O c5 15.
Kb1 Rc8 16. Bf2 cxd4 17. exd4 Bb4 18. Rc1 O-O 19. Be3 f6 20. f4 Ne4 21. Bxe4
dxe4 22. d5 Bc5 23. Bxc5 Nxc5 24. dxe6 Nd3 25. f5 Nxc1 26. Qxc1 Qf2 27. Nge2 b5
28. Qf4 Qc5 29. Qxe4 b4 30. Nd5 Rfd8 31. e7 Rxd5 32. e8=Q+ Rxe8 33. Qxe8+ Kh7
34. Rc1 Qa5 35. Nf4 b3 36. axb3 Rc5 37. Ng6 Rxc1+ 38. Kxc1 Qc5+ 39. Kb1 1-0

[Event "Pardubice Open A"]
[Site "?"]
[Date "2015.07.26"]
[Round "3.60"]
[White "PESOTSKYI, Vitalii"]
[Black "PISCOPO, Pierluigi"]
[Result "0-1"]
[WhiteElo "2233"]
[BlackElo "2422"]
[PlyCount "60"]
[EventDate "2015.??.??"]
[WhiteClock "0:00:47"]
[BlackClock "0:09:43"]

1. e4 c5 2. Nc3 Nc6 3. a3 g6 4. Bc4 Bg7 5. d3 e6 6. Rb1 Nge7 7. Ba2 d5 8. Bd2
O-O 9. h4 b5 10. Nxb5 c4 11. exd5 exd5 12. dxc4 d4 13. Bf4 Nf5 14. Nf3 Re8+ 15.
Kf1 Re7 16. h5 a6 17. hxg6 hxg6 18. g4 axb5 19. cxb5 Nb4 20. Bb3 Nd5 21. Bg5
Nfe3+ 22. fxe3 Nxe3+ 23. Bxe3 Rxe3 24. Rg1 Bb7 25. Rg3 Qf6 26. Kf2 Rae8 27. Bc4
d3 28. c3 Re2+ 29. Kg1 Qb6+ 30. Kh1 Qf2 0-1

[Event "Pardubice Open A"]
[Site "?"]
[Date "2015.07.26"]
[Round "3.61"]
[White "TOMAZINI, Zan"]
[Black "PEKAR, Vaclav"]
[Result "1/2-1/2"]
[WhiteElo "2401"]
[BlackElo "2233"]
[PlyCount "90"]
[EventDate "2015.??.??"]
[WhiteClock "0:28:23"]
[BlackClock "0:25:22"]

1. e4 d5 2. exd5 Nf6 3. Bb5+ Bd7 4. Be2 Nxd5 5. d4 Bf5 6. a3 e6 7. c4 Nb6 8.
Nc3 Nc6 9. Nf3 Qd7 10. Be3 Rd8 11. Qb3 Be7 12. Qa2 Bf6 13. Rd1 Qe7 14. h3 h6
15. O-O O-O 16. Rd2 Rfe8 17. Rfd1 Nb8 18. b4 N8d7 19. c5 Nc8 20. Bf4 Nf8 21.
Nb5 Rd7 22. Ne5 Bxe5 23. Bxe5 Red8 24. Bf3 a6 25. c6 bxc6 26. Nc3 Na7 27. Qc4
Ng6 28. Bg3 a5 29. Ne4 e5 30. dxe5 Rxd2 31. Rxd2 Rxd2 32. Nxd2 Nxe5 33. Qa6 Nb5
34. Qxa5 Nxf3+ 35. Nxf3 Be4 36. Ne5 Qd8 37. Qa4 f6 38. Ng4 Qd3 39. Qa8+ Kf7 40.
Qc8 Bf5 41. Qb7 Bxg4 42. hxg4 Qd1+ 43. Kh2 Qxg4 44. Qxc6 Qh5+ 45. Kg1 Qd1+
1/2-1/2

[Event "Pardubice Open A"]
[Site "?"]
[Date "2015.07.26"]
[Round "3.62"]
[White "CUHRA, Martin"]
[Black "PLISCHKI, Sebastian"]
[Result "0-1"]
[WhiteElo "2229"]
[BlackElo "2398"]
[PlyCount "106"]
[EventDate "2015.??.??"]
[WhiteClock "0:05:03"]
[BlackClock "0:22:50"]

1. e4 c5 2. Nf3 e6 3. d4 cxd4 4. Nxd4 Nc6 5. Nc3 Qc7 6. g3 a6 7. Bg2 d6 8. O-O
Be7 9. a4 Nf6 10. Nde2 O-O 11. h3 Rb8 12. Be3 b5 13. axb5 axb5 14. Nd4 Nxd4 15.
Bxd4 b4 16. Ra7 Bb7 17. Nb5 Qc6 18. c4 bxc3 19. Nxc3 e5 20. Be3 Ra8 21. Rxa8
Rxa8 22. Qd2 h6 23. Rc1 Qd7 24. b4 Rc8 25. Kh2 Rc4 26. Nd5 Bxd5 27. exd5 Rxc1
28. Qxc1 Qb5 29. Qc7 Kf8 30. Qb6 Qxb6 31. Bxb6 Ke8 32. Kg1 Bd8 33. Ba7 Nd7 34.
Be3 Bb6 35. Bc1 f5 36. Bf1 Nf6 37. Bd3 g6 38. Bc4 Ne4 39. Kg2 Bxf2 40. Bd3 Be1
41. g4 Bxb4 42. gxf5 gxf5 43. Bxh6 Kf7 44. Bc2 Kf6 45. h4 Kg6 46. Be3 Nf6 47.
Bb3 f4 48. Bb6 Kf5 49. Bd8 e4 50. Kh3 Bc3 51. Be7 Be5 52. Bd8 f3 53. Ba4 e3 0-1

[Event "Pardubice Open A"]
[Site "?"]
[Date "2015.07.26"]
[Round "3.63"]
[White "KARAS, Marek"]
[Black "ZWARDON, Vojtech"]
[Result "0-1"]
[WhiteElo "2227"]
[BlackElo "2397"]
[PlyCount "84"]
[EventDate "2015.??.??"]
[WhiteClock "0:37:06"]
[BlackClock "0:42:30"]

1. d4 Nf6 2. c4 e5 3. dxe5 Ng4 4. Nh3 Nxe5 5. e3 d6 6. Nf4 g6 7. Be2 Bg7 8. Nc3
Nbd7 9. Qd2 O-O 10. b3 a5 11. Bb2 Nc5 12. Rd1 a4 13. b4 Ne6 14. Nb5 Bd7 15. a3
Nxf4 16. exf4 Nxc4 17. Bxc4 Qe8+ 18. Qe2 Bxb5 19. Bxb5 Qxe2+ 20. Kxe2 Bxb2 21.
Rd3 c6 22. Bc4 d5 23. Ba2 Rfe8+ 24. Kd2 d4 25. Rf3 Re7 26. f5 g5 27. Rg3 Rae8
28. Bc4 b5 29. Rxg5+ Kf8 30. Bd3 Bxa3 31. Rb1 Re1 32. Rxe1 Bxb4+ 33. Kc2 Bxe1
34. Rh5 Kg7 35. f6+ Kxf6 36. Rh6+ Kg7 37. Rxc6 b4 38. Ra6 b3+ 39. Kb2 Bc3+ 40.
Ka3 Re1 41. Kxa4 b2 42. Rb6 Ra1+ 0-1

[Event "Pardubice Open A"]
[Site "?"]
[Date "2015.07.26"]
[Round "3.64"]
[White "MINKO, Vladimir"]
[Black "MUELLER, Ralf"]
[Result "1-0"]
[WhiteElo "2226"]
[BlackElo "2384"]
[PlyCount "63"]
[EventDate "2015.??.??"]
[WhiteClock "0:11:54"]
[BlackClock "0:08:03"]

1. d4 Nf6 2. c4 g6 3. g3 c6 4. Bg2 d5 5. e3 dxc4 6. Ne2 Bg7 7. O-O Nd5 8. a4
O-O 9. Na3 Be6 10. Nxc4 Nf4 11. Nxf4 Bxc4 12. Re1 Nd7 13. Qc2 Ba6 14. b4 e5 15.
dxe5 Nxe5 16. Bb2 Qb6 17. Rab1 Rad8 18. Bd4 Rxd4 19. exd4 Nc4 20. b5 cxb5 21.
axb5 Bxb5 22. Nd5 Qa5 23. Ra1 Qd8 24. Rxa7 Nd6 25. Qc5 Kh8 26. Nc7 Bd3 27. Ra8
Qd7 28. Rxf8+ Bxf8 29. Re8 Kg8 30. Ra8 Qe7 31. h4 b6 32. Qxb6 1-0

[Event "Pardubice Open A"]
[Site "?"]
[Date "2015.07.26"]
[Round "3.65"]
[White "MONIN, Nikolay"]
[Black "GHENG, Josef"]
[Result "0-1"]
[WhiteElo "2215"]
[BlackElo "2376"]
[PlyCount "110"]
[EventDate "2015.??.??"]
[WhiteClock "0:00:39"]
[BlackClock "0:27:27"]

1. Nf3 Nf6 2. c4 g6 3. Nc3 c5 4. g3 Bg7 5. Bg2 O-O 6. d4 cxd4 7. Nxd4 Nc6 8.
O-O Ng4 9. e3 Nge5 10. b3 d6 11. Bb2 Bg4 12. f3 Bd7 13. Qd2 Rb8 14. f4 Ng4 15.
h3 Nxe3 16. Nxc6 Nxf1 17. Nxd8 Nxd2 18. Nxb7 Bxh3 19. Bxh3 Rxb7 20. Bg2 Rbb8
21. Na4 Bxb2 22. Nxb2 f5 23. Re1 Ne4 24. Bxe4 fxe4 25. Rxe4 Rb7 26. Na4 Rf5 27.
Nc3 Kf7 28. Nd5 e6 29. Nc3 a6 30. Kg2 Rc7 31. Rd4 Ke7 32. Rd3 h6 33. Kf3 Rc8
34. Ke4 Rh5 35. Kf3 Rh2 36. Ne4 d5 37. cxd5 exd5 38. Rxd5 Rxa2 39. Re5+ Kf8 40.
Re6 Kf7 41. Rb6 Rd8 42. Rb7+ Kf8 43. Nc5 Rd6 44. Rb8+ Ke7 45. Rb7+ Kd8 46. Rh7
Rc6 47. b4 h5 48. Ke4 Rb6 49. Kd5 Ke8 50. Nd7 Rd2+ 51. Kc5 Rb5+ 52. Kc6 Rf5 53.
Ne5 Rf6+ 54. Kc5 Rd1 55. Rg7 Rg1 0-1

[Event "Pardubice Open A"]
[Site "?"]
[Date "2015.07.26"]
[Round "3.66"]
[White "KRATOCHVIL, Josef"]
[Black "VYSKOCIL, Neklan"]
[Result "1/2-1/2"]
[WhiteElo "2214"]
[BlackElo "2370"]
[PlyCount "30"]
[EventDate "2015.??.??"]
[WhiteClock "0:58:49"]
[BlackClock "0:52:25"]

1. e4 c5 2. Nf3 Nc6 3. d4 cxd4 4. Nxd4 g6 5. Nc3 Bg7 6. Nde2 d6 7. g3 Bd7 8.
Bg2 Qc8 9. h3 Rb8 10. a4 Nf6 11. Nd5 Nxd5 12. exd5 Na5 13. Ra2 a6 14. b3 O-O
15. Be3 Qc7 1/2-1/2

[Event "Pardubice Open A"]
[Site "?"]
[Date "2015.07.26"]
[Round "3.67"]
[White "OGANIAN, Miran"]
[Black "PFEFFER, Ruprecht"]
[Result "0-1"]
[WhiteElo "2370"]
[BlackElo "2232"]
[PlyCount "120"]
[EventDate "2015.??.??"]
[WhiteClock "0:16:00"]
[BlackClock "0:04:56"]

1. b3 e5 2. Bb2 Nc6 3. e3 d5 4. Bb5 f6 5. c4 Be6 6. Qc2 Nge7 7. c5 a6 8. Be2 d4
9. d3 dxe3 10. fxe3 Nf5 11. Kf2 Nb4 12. Qc3 Nd5 13. Qc1 Nfxe3 14. d4 e4 15. Nd2
f5 16. g3 Ng4+ 17. Bxg4 e3+ 18. Kg2 exd2 19. Bh5+ g6 20. Qxd2 gxh5 21. Re1 Qf6
22. Qe2 Kd7 23. Nf3 c6 24. Bc1 Bh6 25. Qxe6+ Qxe6 26. Rxe6 Kxe6 27. Bxh6 Rae8
28. Bg7 Rhg8 29. Be5 f4 30. Kf2 Ref8 31. Bd6 fxg3+ 32. hxg3 Rf5 33. Re1+ Kd7
34. Kg2 Nf4+ 35. Kh2 Ng6 36. Re3 Re8 37. Ne5+ Nxe5 38. dxe5 Ke6 39. Re4 Rg8 40.
Re3 Rg4 41. Kh3 Rd4 42. Bc7 Rf2 43. Re1 Rdd2 44. Kh4 Rf5 45. Rh1 h6 46. a3 Rd4+
47. Kh3 Rd3 48. Kh4 Rd4+ 49. Kh3 h4 50. g4 Rg5 51. Rf1 Rgxg4 52. Rf6+ Kd5 53.
Rxh6 Rg3+ 54. Kh2 Rd2+ 55. Kh1 Rh3+ 56. Kg1 Kxc5 57. e6 Rxb3 58. Rh5+ Kc4 59.
Rxh4+ Kd5 60. Rh5+ Kxe6 0-1